00305nam a2200121Ia 4500008004100000020002200041041001200063100001700075245005000092260002500142300000800167650000800175221220s9999 xx 000 0 und d a978-93-92135-65-1 aEnglish aS. R. Myneni 0aJurisprudence - Legal Theorycby S. R. Myneni bALHaHyderabadc2022 a628 aLaw